Catálogo de la Biblioteca Horacio González - Universidad Nacional de General Sarmiento

El pianista (Registro nro. 54806)

Detalles MARC
000 -CABECERA
campo de control de longitud fija 01617ngm a22003850a 4500
001 - NÚMERO DE CONTROL
campo de control PT28310
003 - IDENTIFICADOR DEL NÚMERO DE CONTROL
campo de control AR-LpoUNG
005 - FECHA Y HORA DE LA ÚLTIMA TRANSACCIÓN
campo de control 20210202000417.0
007 - CAMPO FIJO DE DESCRIPCIÓN FÍSICA--INFORMACIÓN GENERAL
campo de control de longitud fija vd cvaizq
008 - DATOS DE LONGITUD FIJA--INFORMACIÓN GENERAL
campo de control de longitud fija 191001s2003||||ag |||||||||||||||||eng d
037 ## - FUENTE DE ADQUISICIÓN
Condiciones de disponibilidad $9,96
040 ## - FUENTE DE LA CATALOGACIÓN
Centro catalogador/agencia de origen AR-LpoUNG
Lengua de catalogación spa
Centro/agencia transcriptor AR-LpoUNG
Normas de descripción aacr
041 ## - CÓDIGO DE LENGUA
Código de lengua del texto/banda sonora o título independiente eng
044 ## - CÓDIGO DEL PAÍS DE LA ENTIDAD EDITORA/PRODUCTORA
Código MARC del país ag
082 0# - NÚMERO DE LA CLASIFICACIÓN DECIMAL DEWEY
Número de clasificación 940.531 8 762pia
100 1# - ENTRADA PRINCIPAL--NOMBRE DE PERSONA
Nombre de persona Polanski, Roman
Término indicativo de función/relación dir.
245 13 - MENCIÓN DE TÍTULO
Título El pianista
260 ## - PUBLICACIÓN, DISTRIBUCIÓN, ETC.
Lugar de publicación, distribución, etc. Buenos Aires :
Nombre del editor, distribuidor, etc. Transeuropa Video Entertainment,
Fecha de publicación, distribución, etc. 2003.
300 ## - DESCRIPCIÓN FÍSICA
Extensión DVD (147 min.) : son., col.
505 0# - NOTA DE CONTENIDO CON FORMATO
Nota de contenido con formato Guión: Ronald Harwood. Libro: Wladyslaw Szpilman. Música: Wojciech Kilar. Fotografía: Pawel Edelman. Protagonistas: Adrien Brody, Thomas Kretschmann, Maureen Lipman, Ed Stoppard. Ganadora de tres premios Oscar de la Academia 2003: mejor director, mejor actor, mejor guión adaptado. Ganadora de la Palma de Oro al mejor director en el Festival de Cannes 2002.
520 ## - SUMARIO, ETC.
Sumario, etc. Wladyslaw Szpilman, un brillante pianista polaco de origen judío, vive con su familia en el ghetto de Varsovia. Cuando, en 1939, los alemanes invaden Polonia, consigue evitar la deportación gracias a la ayuda de algunos amigos. Pero tendrá que vivir escondido y completamente aislado durante mucho tiempo, y para sobrevivir tendrá que afrontar constantes peligros.
650 #4 - PUNTO DE ACCESO ADICIONAL DE MATERIA--TÉRMINO DE MATERIA
Término de materia o nombre geográfico como elemento de entrada DISCRIMINACION RACIAL
650 #4 - PUNTO DE ACCESO ADICIONAL DE MATERIA--TÉRMINO DE MATERIA
Término de materia o nombre geográfico como elemento de entrada DRAMA
650 #4 - PUNTO DE ACCESO ADICIONAL DE MATERIA--TÉRMINO DE MATERIA
Término de materia o nombre geográfico como elemento de entrada EUROPA
650 #4 - PUNTO DE ACCESO ADICIONAL DE MATERIA--TÉRMINO DE MATERIA
Término de materia o nombre geográfico como elemento de entrada HISTORIA SOCIAL
650 #4 - PUNTO DE ACCESO ADICIONAL DE MATERIA--TÉRMINO DE MATERIA
Término de materia o nombre geográfico como elemento de entrada JUDIOS
650 #4 - PUNTO DE ACCESO ADICIONAL DE MATERIA--TÉRMINO DE MATERIA
Término de materia o nombre geográfico como elemento de entrada POLONIA
653 ## - TÉRMINO DE INDIZACIÓN--NO CONTROLADO
Término no controlado BIOGRAFICO
653 ## - TÉRMINO DE INDIZACIÓN--NO CONTROLADO
Término no controlado DVD
653 ## - TÉRMINO DE INDIZACIÓN--NO CONTROLADO
Término no controlado HOLOCAUSTO
653 ## - TÉRMINO DE INDIZACIÓN--NO CONTROLADO
Término no controlado NAZISMO
653 ## - TÉRMINO DE INDIZACIÓN--NO CONTROLADO
Término no controlado VIDEOS
905 ## - ELEMENTOS DE DATOS E LOCAL, LDE (RLIN)
a 28310
942 ## - ELEMENTOS DE PUNTO DE ACCESO ADICIONAL (KOHA)
Tipo de ítem Koha DVD
Existencias
Estado de retiro Estado de pérdida Estado dañado No para préstamo Código de colección Localización permanente Ubicación/localización actual Fecha de adquisición Total de préstamos Signatura topográfica completa Código de barras Fecha visto por última vez Precio válido a partir de Tipo de ítem Koha Fuente del sistema de clasificación o colocación En préstamo Fecha del último préstamo
        Colección Cine Biblioteca Universidad Nacional de General Sarmiento Biblioteca Universidad Nacional de General Sarmiento 02/02/2021   940.531 8 762pia 00025287 02/02/2021 02/02/2021 DVD      
        Colección Cine Biblioteca Universidad Nacional de General Sarmiento Biblioteca Universidad Nacional de General Sarmiento 02/02/2021 1 940.531 8 762pia 00055809 04/01/2024 02/02/2021 DVD Dewey Decimal Classification 26/09/2016 04/01/2024
        Colección Cine Biblioteca Universidad Nacional de General Sarmiento Biblioteca Universidad Nacional de General Sarmiento 02/02/2021   940.531 8 762pia 00055811 02/02/2021 02/02/2021 DVD